000 00358nam a22001457a 4500
020 _a9788131607060
082 _a305.5688
_bJAG/C
245 _aCaste- based exclusion/
_cby Jagan Karade (ed.)
260 _aJaipur:
_bRawat,
_c2015.
300 _a232p.
650 _aCaste System
650 _aSocial Sciences
700 _aJagan Karade (ed.)
942 _cBK
999 _c181500
_d181500